000 01363nam a22003737a 4500
003 CHAP
005 20220329134143.0
008 971013s1976 r 00010 d
010 _a16238
011 _a17210
035 _a21293
040 _cCHAP
090 _aTesis
100 0 0 _aGutiérrez Garza, José Salvador.
_951704
245 _aSelección por medio de los aumentos de peso post-destete de toretes y vaquillas Charolais en engorda intensiva y pastoreo respectivamente
260 _a(Monterrey, N.L.) :
_bEl autor,
_c1976
300 _a46 h.
_b; gráfs
502 _aTesis (Ing. Agrónomo Zootecnista) -- ITESM. Div. de Ciencaias Agropecuarias y Marítimas
590 _aALEPH
_b10
_c20130110
_lUCH01
_h1238
590 _aBATCH-UPD
_b10
_c20130109
_lUCH01
_h2335
590 _aBATCH-UPD
_b10
_c20130110
_lUCH01
_h0320
590 _aBATCH-UPD
_b10
_c20130110
_lUCH01
_h1645
590 _aBATCH-UPD
_b10
_c20130409
_lUCH01
_h1903
590 _aBATCH-UPD
_b10
_c20130409
_lUCH01
_h2353
590 _aBATCH-UPD
_b10
_c20130914
_lUCH01
_h1509
590 _aCONVERSION
_b10
_c20130109
_lUCH01
_h1310
650 1 4 _aGanado Charolais.
_945066
650 1 4 _aGanado de carne
_xProducción.
_945104
650 1 4 _aGanado vacuno
_xPeso.
_945504
650 1 4 _aGanado vacuno
_xSelección.
_945513
901 _aBK
942 _cTESIS
949 _bBC
_cTES
_d-49575
_eTS1
_i21293
_si
999 _c16238
_d16238